|
|
|
|
| LEADER |
01090nam a2200265 a 4500 |
| 001 |
732949 |
| 008 |
091231s1997 enkab b i000 0 eng d |
| 010 |
|
|
|a 98144548
|
| 020 |
|
|
|a 0198293097 (pbk.)
|
| 040 |
|
|
|a UkNcU
|c UkNcU
|d Uk
|d AU
|d DLC
|d BD-DhAAL
|
| 082 |
0 |
0 |
|a 362.87
|2 21
|
| 110 |
2 |
|
|a Office of the United Nations High Commissioner for Refugees.
|
| 245 |
1 |
4 |
|a The state of the world's refugees, 1997-98 :
|b a humanitarian agenda /
|c UNHCR.
|
| 260 |
|
|
|a Oxford, England ;
|a New York :
|b Oxford University Press,
|c c1997.
|
| 300 |
|
|
|a xii, 298 p. :
|b ill. (some col.), maps (some col.) ;
|c 25 cm.
|
| 504 |
|
|
|a Includes bibliographical references (p. 278-285).
|
| 541 |
1 |
|
|e 00006143
|
| 650 |
|
0 |
|a Refugees
|x Government policy.
|
| 650 |
|
0 |
|a Refugees
|x Civil rights.
|
| 650 |
|
0 |
|a Human rights.
|
| 650 |
|
0 |
|a Return migration.
|
| 650 |
|
0 |
|a Repatriation.
|
| 852 |
4 |
|
|a Ayesha Abed Library
|j General shelf
|
| 999 |
|
|
|c 6649
|d 6649
|
| 952 |
|
|
|0 0
|1 0
|2 ddc
|4 0
|6 362_870000000000000_STA_1997
|7 0
|9 6812
|a BRACUL
|b BRACUL
|c GEN
|d 2010-01-03
|l 1
|m 9
|o 362.87 STA
|p 3010006143
|r 2018-12-11
|s 2018-09-30
|t 1
|w 2010-01-03
|y BK
|